书目信息 |
| 题名: |
基于RPC模型的星载SAR和InSAR数据处理技术
|
|
| 作者: | 张过, , 秦绪文, 著 | |
| 分册: | ||
| 出版信息: | 北京 测绘出版社 2013.03 |
|
| 页数: | 121页 | |
| 开本: | 26cm | |
| 丛书名: | 航天高分辨率数据几何处理丛书 | |
| 单 册: | ||
| 中图分类: | TN959.74 | |
| 科图分类: | ||
| 主题词: | 卫星载雷达--wei xing zai lei da--合成孔径雷达--数据处理--研究 | |
| 电子资源: | ||
| ISBN: | 978-7-5030-2573-0 | |
| 000 | 01410nam 2200277 450 | |
| 001 | 96547 | |
| 005 | 20250912202102.78 | |
| 010 | @a978-7-5030-2573-0@dCNY58.00 | |
| 100 | @a20130615d2013 em y0chiy50 ea | |
| 101 | 0 | @achi |
| 102 | @aCN@b110000 | |
| 105 | @aak a 000yy | |
| 106 | @ar | |
| 200 | 1 | @a基于RPC模型的星载SAR和InSAR数据处理技术@Aji yu RPC mo xing de xing zai SAR he InSAR shu ju chu li ji shu@d= Spaceborne SAR and InSAR data processing technology based on RPC model@f张过, 秦绪文著@zeng |
| 210 | @a北京@c测绘出版社@d2013.03 | |
| 215 | @a121页@c图@d26cm | |
| 225 | 2 | @a航天高分辨率数据几何处理丛书@Ahang tian gao fen bian lv shu ju ji he chu li cong shu |
| 320 | @a有书目 (第117-121页) | |
| 330 | @a本书主要介绍了基于RPC模型的星载SAR和InSAR的几何处理。针对星载SAR和InSAR数据的特点, 提出了RPC模型替代星载SAR距离多普勒方程、替代InSAR严密几何模型的观点, 从理论上实际数据实验上验证了RPC模型可替代性, 并将RPC模型应用到星载SAR的平差、立体SAR核线影像和核线模型构建、星载InSAR-DEM处理、星载SAR制作DOM中, 并用高分SAR和InSAR数据验证了RPC模型用于星载SAR和InSAR处理的可行性和精度。 | |
| 410 | 0 | @12001 @a航天高分辨率数据几何处理丛书 |
| 606 | 0 | @a卫星载雷达@Awei xing zai lei da@x合成孔径雷达@x数据处理@x研究 |
| 690 | @aTN959.74@v5 | |
| 701 | 0 | @a张过,@Azhang guo@f1976-@4著 |
| 701 | 0 | @a秦绪文,@Aqin xu wen@f1977-@4著 |
| 801 | 0 | @aCN@c20250909 |
| 905 | @a河南城建学院图书馆@dTN959.74@eZ106 | |
| 基于RPC模型的星载SAR和InSAR数据处理技术= Spaceborne SAR and InSAR data processing technology based on RPC model/张过, 秦绪文著.-北京:测绘出版社,2013.03 |
| 121页:图;26cm.-(航天高分辨率数据几何处理丛书) |
| ISBN 978-7-5030-2573-0:CNY58.00 |
| 本书主要介绍了基于RPC模型的星载SAR和InSAR的几何处理。针对星载SAR和InSAR数据的特点, 提出了RPC模型替代星载SAR距离多普勒方程、替代InSAR严密几何模型的观点, 从理论上实际数据实验上验证了RPC模型可替代性, 并将RPC模型应用到星载SAR的平差、立体SAR核线影像和核线模型构建、星载InSAR-DEM处理、星载SAR制作DOM中, 并用高分SAR和InSAR数据验证了RPC模型用于星载SAR和InSAR处理的可行性和精度。 |
| ● |
| 相关链接 |
|
|
|
正题名:基于RPC模型的星载SAR和InSAR数据处理技术
索取号:TN959.74/Z106
 
预约/预借
| 序号 | 登录号 | 条形码 | 馆藏地/架位号 | 状态 | 备注 |
| 1 | 1638060 | 216380609 | 自科库301/301自科库 101排1列1层/ [索取号:TN959.74/Z106] | 在馆 |